Estados brasileiros mais católicos - Statistics

Estatísticas Gerais
  • Esse quiz foi jogado 256 vezes
  • A pontuação média é 9 de 10
Estatísticas das Respostas
% da população Estados % Correto
71,39% Bahia
94%
73,32% Minas Gerais
92%
73,98% Rio Grande do Norte
91%
73,00% Santa Catarina
89%
81,08% Ceará
88%
78,04% Maranhão
88%
72,30% Alagoas
87%
79,96% Sergipe
87%
87,93% Piauí
85%
80,25% Paraíba
83%
Nenhum quiz correspondente encontrado
Distribuição das Pontuações
Porcentagem de Pessoas com Cada Pontuação
Percentil de Números Respondidos
Sua Pontuação Histórica
Você não jogou esse quiz